00560nam a22001577a 450000500170000001000130001702000260003003700410005608200080009710000190010524500910012426000580021527000780027330000250035170000260037620220927161256.0 aB-745712 a9788132106883c200.00 bSAGE Publications of India Pvt. Ltd. a801 a Khair, Tabish aReading Literature Today:cTabish Khair bTwo Complementary Essays and a Conversation/ aNew DelhibSAGE Publications of India Pvt. Ltd.c2011 aB1/I-1 Mohan Cooperative Industrial Area Mathura Road bNew Delhie110044 aix,167p.c21.5cm(Pb) a Doubinsky, Sebastien